Sane Guruji (Record no. 251796)

MARC details
000 -LEADER
fixed length control field 00472nam a2200181Ia 4500
008 - FIXED-LENGTH DATA ELEMENTS--GENERAL INFORMATION
fixed length control field 090201s9999 xx 000 0 und d
010 ## - LIBRARY OF CONGRESS CONTROL NUMBER
LC control number KPL-73702
040 ## - CATALOGING SOURCE
Language of cataloging इंग्रजी
041 ## - LANGUAGE CODE
Language code of text/sound track or separate title इंग्रजी
082 ## - DEWEY DECIMAL CLASSIFICATION NUMBER
Classification number 55540
Item number 73702
100 ## - MAIN ENTRY--PERSONAL NAME
Personal name sanjivani bhalsingh
245 ## - TITLE STATEMENT
Title Sane Guruji
Statement of responsibility, etc sanjivani bhalsingh
250 ## - EDITION STATEMENT
Edition statement 1
260 ## - PUBLICATION, DISTRIBUTION, ETC. (IMPRINT)
Date of publication, distribution, etc 2005
Name of publisher, distributor, etc vishal publication
300 ## - PHYSICAL DESCRIPTION
Extent 40
Other physical details मध्यम
600 ## - SUBJECT ADDED ENTRY--PERSONAL NAME
Personal name Sane Guruji
942 ## - ADDED ENTRY ELEMENTS (KOHA)
Koha item type Book
Holdings
Withdrawn status Lost status Damaged status Not for loan Home library Current library Date acquired Cost, normal purchase price Total Checkouts Barcode Date last seen Copy number Cost, replacement price Price effective from Koha item type
        Sarvajanik Wachanalaya, Kalyan Sarvajanik Wachanalaya, Kalyan   25.00   KPL-73702 02/01/2009 1 25.00 02/01/2009 Book